| 000 | 00488nam a22001577a 4500 | ||
|---|---|---|---|
| 999 |
_c60958 _d60958 |
||
| 005 | 20231129165659.0 | ||
| 008 | 231129s1987 ru ||||| |||| 00| 0 rus d | ||
| 041 | _arus | ||
| 080 | _a821.14'01-94 П-40 | ||
| 100 |
_aПлутарх _920510 |
||
| 245 |
_aИзбранные жизнеописания : _bТ.2 / _cПлутарх. |
||
| 264 |
_a М.: _bПравда, _c1987. |
||
| 300 |
_a608 с. : _bил. ; _c21 см. |
||
| 653 | _aპლუტარქე | ||
| 942 |
_2udc _cᲬᲘᲒᲜᲘ |
||